Súčasný stav, závery a odporúčania v oblasti PZI v SR

Uložené v:
Podrobná bibliografia
Hlavný autor: Kováč, Matej
Médium: Kapitola
Jazyk:Slovak
Tagy: Pridať tag
Žiadne tagy, Buďte prvý, kto otaguje tento záznam!

MARC

LEADER 00000naa$a2200000$$$4500
001 0062457
005 20240502071714.7
041 0 |a slo 
044 |a SK 
245 1 0 |a Súčasný stav, závery a odporúčania v oblasti PZI v SR  |c Matej Kováč 
100 1 |a Kováč, Matej